000 00619nam a2200229Ia 4500
003 OSt
005 20221005065901.0
006 a|||||r|||| 00| 0
007 ta
008 221004b |||||||| |||| 00| 0 eng d
024 _a89401
037 _cTextual
040 _aCRL
_cCRL
_beng
041 _2eng
_aeng
082 _aR6xM96x, N5
100 _aPrabhupanda Bhaktivedanta
_9605082
245 0 _aMessage of godhad
260 _aMumbai
_bBhaktivedanta Book Trust India
_c1995
650 _aPHILOSOPHY
942 _hR6xM96x, N5
_cTEXL
_2cc
999 _c975357
_d975357